Isotropy subgroups of the 230 crystallographic space groups

This book gives a rather exhaustive list of isotropy subgroups of the 230 crystallographic space groups. The symmetry changes for the vast majority of observed phase transitions in crystalline solids can be found in the list. With each entry, information is given concerning both physical and abstrac...

ver descrição completa

Na minha lista:
Detalhes bibliográficos
Autor principal: Stokes, Harold T.
Formato: Livro
Idioma:Undetermined
Publicado em: Singapore World Scientific 1988
Assuntos:
Tags: Adicionar Tag
Sem tags, seja o primeiro a adicionar uma tag!
Thư viện lưu trữ: Trung tâm Học liệu Trường Đại học Cần Thơ
LEADER 00943nam a2200205Ia 4500
001 CTU_210779
008 210402s9999 xx 000 0 und d
020 |c 186.00 
082 |a 548.9 
082 |b S874 
100 |a Stokes, Harold T. 
245 0 |a Isotropy subgroups of the 230 crystallographic space groups 
245 0 |c Harold T. Stokes, Dorian M. Hatch 
260 |a Singapore 
260 |b World Scientific 
260 |c 1988 
520 |a This book gives a rather exhaustive list of isotropy subgroups of the 230 crystallographic space groups. The symmetry changes for the vast majority of observed phase transitions in crystalline solids can be found in the list. With each entry, information is given concerning both physical and abstract characteristics of the phase transitions. 
650 |a sotropy subgroups,Phân nhóm đẳng hướng 
904 |i Qhieu 
980 |a Trung tâm Học liệu Trường Đại học Cần Thơ